| 000 | 00561nam a2200145Ia 4500 | ||
|---|---|---|---|
| 008 | 100122s9999 xx 000 0 und d | ||
| 082 |
_b32737 _a10 |
||
| 100 | _aलेले रा के | ||
| 245 | _aग्रंथवर्णन आणि ग्रंथसूची | ||
| 260 |
_bजोशी आणि लोखंडे प्रकाशन _c1973 |
||
| 300 | _a202 | ||
| 630 | _aग्रंथवर्णन आणि ग्रंथसूची | ||
| 730 | _aग्रंथवर्णन आणि ग्रंथसूची | ||
| 942 | _cBOOK | ||
| 999 |
_c417060 _d417057 |
||